[Event "DEM U16 2011"]
[Site "Oberhof GER"]
[Date "2011.06.12"]
[Round "2"]
[White "Kaulich, Philipp Theodor"]
[Black "Carow, Johannes"]
[Result "1-0"]
[Termination "normal"]
[Board "2"]
[WhiteElo "1999"]
[BlackElo "2171"]
[PlyCount "45"]
[WhiteFideId "4641582"]
[BlackFideId "24692050"]
[EventCountry "GER"]
[EventRounds "9"]
[EventType "swiss"]
[EventDate "2011.06.11"]

1. e4 c5 2. Nf3 d6 3. c3 Nf6 4. Be2 Nc6 5. d4 cxd4 6. cxd4 Nxe4 7. d5 Qa5+ 8.
Nc3 Nb8 9. O-O Nf6 10. Bg5 Nbd7 11. Re1 a6 12. Bf1 Ne5 13. Nxe5 dxe5 14. Rxe5
e6 15. Bc4 Qc7 16. Qe2 Ng4 17. dxe6 f6 18. Qxg4 Qxe5 19. Bf4 Qc5 20. Bb3 f5 21.
Qg3 b5 22. Nd5 Bb7 23. Rc1 1-0

[Event "DEM U16 2011"]
[Site "Oberhof GER"]
[Date "2011.06.12"]
[Round "2"]
[White "Tran, Duc Cuong"]
[Black "Miller, Eduard"]
[Result "1/2-1/2"]
[Termination "normal"]
[Board "3"]
[WhiteElo "1986"]
[BlackElo "2118"]
[PlyCount "64"]
[WhiteFideId "24689718"]
[BlackFideId "24687022"]
[EventCountry "GER"]
[EventRounds "9"]
[EventType "swiss"]
[EventDate "2011.06.11"]

1. d4 Nf6 2. Nf3 g6 3. Nc3 d5 4. Bf4 c6 5. e3 Bf5 6. Be2 Bg7 7. Ne5 O-O 8. g4
Be6 9. h4 Nfd7 10. Nxd7 Nxd7 11. Qd2 b5 12. h5 a6 13. hxg6 fxg6 14. Bh6 Bxh6
15. Rxh6 Nf6 16. f3 Qc7 17. O-O-O c5 18. dxc5 Qxc5 19. Rdh1 b4 20. Na4 Qa5 21.
b3 Rf7 22. Kb1 Bd7 23. g5 Nh5 24. Nb6 Qxb6 25. R1xh5 Qc5 26. Rh4 Bf5 27. Bd3
Bxd3 28. Qxd3 Qc3 29. Rxh7 Rxh7 30. Qxd5+ Kg7 31. Rxh7+ Kxh7 32. Qxa8 Qe1+
1/2-1/2

[Event "DEM U16 2011"]
[Site "Oberhof GER"]
[Date "2011.06.12"]
[Round "2"]
[White "Friedrich, Wiede"]
[Black "Neumair, Jerome"]
[Result "1-0"]
[Termination "normal"]
[Board "4"]
[WhiteElo "2193"]
[BlackElo "2115"]
[PlyCount "87"]
[WhiteFideId "24629537"]
[BlackFideId "24672637"]
[EventCountry "GER"]
[EventRounds "9"]
[EventType "swiss"]
[EventDate "2011.06.11"]

1. e4 e6 2. d4 d5 3. Nc3 Bb4 4. exd5 exd5 5. Bd3 Nc6 6. a3 Bxc3+ 7. bxc3 Nge7
8. Nf3 Bf5 9. O-O O-O 10. Re1 Qd7 11. Rb1 b6 12. Bf4 f6 13. c4 Bg4 14. c3 Na5
15. cxd5 Nxd5 16. Bd2 Bf5 17. Bxf5 Qxf5 18. Qe2 Rae8 19. Qa6 Qc8 20. Qd3 Qg4
21. c4 Nf4 22. Bxf4 Qxf4 23. Re3 Rxe3 24. fxe3 Qd6 25. Nd2 Re8 26. Re1 Nc6 27.
c5 Qd5 28. cxb6 axb6 29. Rc1 f5 30. Nf3 Qe6 31. d5 Ne5 32. dxe6 Nxd3 33. Rxc7
h6 34. Nd4 g6 35. Rb7 Ra8 36. Rxb6 Rxa3 37. g4 Ra8 38. gxf5 gxf5 39. Nxf5 Re8
40. Nxh6+ Kg7 41. Nf5+ Kf6 42. Nd4 Nc5 43. Rb5 Nxe6 44. Rb6 1-0

[Event "DEM U16 2011"]
[Site "Oberhof GER"]
[Date "2011.06.12"]
[Round "2"]
[White "Kaphle, Sebastian"]
[Black "Hacker, Jonas"]
[Result "1-0"]
[Termination "normal"]
[Board "5"]
[WhiteElo "2171"]
[BlackElo "1765"]
[PlyCount "81"]
[WhiteFideId "24626708"]
[BlackFideId "1270968"]
[EventCountry "GER"]
[EventRounds "9"]
[EventType "swiss"]
[EventDate "2011.06.11"]

1. e4 c5 2. Nf3 d6 3. d4 cxd4 4. Nxd4 Nf6 5. Nc3 g6 6. Be3 Bg7 7. f3 O-O 8. Qd2
Nc6 9. g4 Nxd4 10. Bxd4 Be6 11. O-O-O Qa5 12. a3 Rfc8 13. h4 Rab8 14. h5 b5 15.
hxg6 b4 16. gxh7+ Kh8 17. Nb1 Bb3 18. Bd3 Rc7 19. axb4 Qa1 20. Qe3 Rbc8 21. Bc3
Rxc3 22. bxc3 Nxg4 23. fxg4 Bxc3 24. Rdf1 Qb2+ 25. Kd1 Qxb1+ 26. Ke2 Qa2 27.
Kf3 Be6 28. Rh5 Qa4 29. Rb5 Bf6 30. Rb7 Qc6 31. Rxa7 Qc3 32. Rb7 Re8 33. Rb5
Bd7 34. Rh5 Qxb4 35. Qa7 Be6 36. Qa5 Qb8 37. Qa6 Be5 38. Qb5 Qc8 39. Rxe5 Bxg4+
40. Ke3 dxe5 41. Rxf7 1-0

[Event "DEM U16 2011"]
[Site "Oberhof GER"]
[Date "2011.06.12"]
[Round "2"]
[White "Möhn, Hans"]
[Black "Schreiner, Till"]
[Result "1/2-1/2"]
[Termination "normal"]
[Board "6"]
[WhiteElo "2033"]
[BlackElo "2159"]
[PlyCount "41"]
[WhiteFideId "24647837"]
[BlackFideId "24675555"]
[EventCountry "GER"]
[EventRounds "9"]
[EventType "swiss"]
[EventDate "2011.06.11"]

1. e4 c5 2. Nf3 d6 3. Nc3 Nf6 4. e5 dxe5 5. Nxe5 Nbd7 6. d4 e6 7. Bb5 Be7 8.
O-O O-O 9. Be3 Nxe5 10. dxe5 Nd5 11. Qf3 a6 12. Bd3 Nxc3 13. bxc3 Qc7 14. Qe4
g6 15. h4 b5 16. Bg5 Bb7 17. Qf4 c4 18. Be4 Bxe4 19. Qxe4 Rfd8 20. Bxe7 Qxe5
21. a4 1/2-1/2

[Event "DEM U16 2011"]
[Site "Oberhof GER"]
[Date "2011.06.12"]
[Round "2"]
[White "Wagner, Dennis"]
[Black "Gibicar, Danijel"]
[Result "1/2-1/2"]
[Termination "normal"]
[Board "7"]
[WhiteElo "2240"]
[BlackElo "2037"]
[PlyCount "82"]
[WhiteFideId "24650684"]
[BlackFideId "24660256"]
[EventCountry "GER"]
[EventRounds "9"]
[EventType "swiss"]
[EventDate "2011.06.11"]

1. d4 Nf6 2. c4 e6 3. g3 Bb4+ 4. Bd2 Bxd2+ 5. Qxd2 d5 6. Bg2 c6 7. Nf3 O-O 8.
O-O Nbd7 9. Nc3 b6 10. Rac1 Bb7 11. cxd5 cxd5 12. Nb5 a6 13. Nd6 Qb8 14. Qb4 a5
15. Qa3 Ba6 16. Ne5 Nxe5 17. dxe5 Ne8 18. Rfe1 Nxd6 19. exd6 Ra7 20. e4 dxe4
21. Rxe4 Rd7 22. Rd4 Rfd8 23. Rcd1 Bb7 24. h4 Bxg2 25. Kxg2 Rc8 26. Qd3 Qb7+
27. Kh2 Rc5 28. Qe3 Qc6 29. b3 Rc3 30. R4d3 Rxd3 31. Qxd3 h6 32. Rd2 Qc5 33.
Kg1 Qc1+ 34. Rd1 Qc5 35. Qd2 Kh7 36. Qf4 Qf5 37. Qd4 Qc5 38. Qf4 Qf5 39. Qd4
Qc5 40. Qe4+ Kg8 41. Qf4 Kh7 1/2-1/2

[Event "DEM U16 2011"]
[Site "Oberhof GER"]
[Date "2011.06.12"]
[Round "2"]
[White "Göbel, Constantin"]
[Black "Stahnecker, Ludwig"]
[Result "1-0"]
[Termination "normal"]
[Board "8"]
[WhiteElo "2148"]
[BlackElo "2087"]
[PlyCount "55"]
[WhiteFideId "24647071"]
[BlackFideId "24692026"]
[EventCountry "GER"]
[EventRounds "9"]
[EventType "swiss"]
[EventDate "2011.06.11"]

1. e4 e5 2. Nf3 Nc6 3. Bb5 a6 4. Ba4 Nf6 5. O-O Be7 6. Re1 b5 7. Bb3 O-O 8. h3
Bb7 9. d3 d6 10. c3 Na5 11. Bc2 c5 12. d4 cxd4 13. cxd4 Rc8 14. Nbd2 Qc7 15.
Bd3 Nd7 16. Nf1 exd4 17. Nxd4 Bf6 18. Be3 Nc5 19. Rc1 Qd7 20. Ng3 Nxd3 21. Qxd3
Nc4 22. Nh5 Qe7 23. Nf5 Qxe4 24. Qxe4 Bxe4 25. Nxf6+ gxf6 26. Ne7+ Kg7 27. Nxc8
Rxc8 28. b3 1-0

[Event "DEM U16 2011"]
[Site "Oberhof GER"]
[Date "2011.06.12"]
[Round "2"]
[White "Holle, Cedric"]
[Black "Noe, Christopher"]
[Result "0-1"]
[Termination "normal"]
[Board "9"]
[WhiteElo "1832"]
[BlackElo "1998"]
[PlyCount "72"]
[WhiteFideId "24692158"]
[BlackFideId "24692018"]
[EventCountry "GER"]
[EventRounds "9"]
[EventType "swiss"]
[EventDate "2011.06.11"]

1. e4 Nf6 2. e5 Nd5 3. c4 Nb6 4. d4 d6 5. exd6 cxd6 6. Nc3 g6 7. Nf3 Bg7 8. b3
O-O 9. Be2 e5 10. O-O Nc6 11. Be3 Bg4 12. d5 Ne7 13. Rc1 Nf5 14. Bg5 Bf6 15.
Bxf6 Qxf6 16. Ne4 Qd8 17. Nfd2 Bxe2 18. Qxe2 Nd4 19. Qe3 f5 20. Nc3 f4 21. Qd3
f3 22. gxf3 Qg5+ 23. Kh1 Qh5 24. Nce4 Rf4 25. Rg1 Raf8 26. Rg5 Qh4 27. Rg3 Qh5
28. Ng5 Rh4 29. Rg2 Rf5 30. Nde4 Nd7 31. Qe3 h6 32. Ng3 Qxg5 33. Nxf5 Qxf5 34.
Rcg1 Nf8 35. Rg3 Qh5 36. R1g2 Nf5 0-1

[Event "DEM U16 2011"]
[Site "Oberhof GER"]
[Date "2011.06.12"]
[Round "2"]
[White "Neef, Maximilian"]
[Black "Stanau, Guido"]
[Result "1-0"]
[Termination "normal"]
[Board "10"]
[WhiteElo "1999"]
[BlackElo "1994"]
[PlyCount "81"]
[WhiteFideId "24692085"]
[BlackFideId "24692255"]
[EventCountry "GER"]
[EventRounds "9"]
[EventType "swiss"]
[EventDate "2011.06.11"]

1. Nf3 Nf6 2. c4 g6 3. Nc3 Bg7 4. e4 d6 5. d4 O-O 6. h3 c5 7. d5 b5 8. cxb5 a6
9. a4 Qa5 10. Bd2 Nbd7 11. Ra3 Re8 12. Bd3 Qc7 13. O-O Bb7 14. Re1 Reb8 15. Qe2
axb5 16. Bxb5 e6 17. dxe6 fxe6 18. Bf4 Nh5 19. Bh2 Nf8 20. Nd2 Rd8 21. Nc4 e5
22. Nd5 Bxd5 23. exd5 Bh6 24. Nd2 Nd7 25. Ne4 Rf8 26. Qg4 Rf5 27. Qh4 Qa5 28.
Rf1 Ndf6 29. Nxd6 Rg5 30. Ne4 Nxe4 31. Qxe4 Rd8 32. d6 Rxd6 33. Bc4+ Kh8 34.
Bxe5+ Nf6 35. Rf3 Qd8 36. Qe2 Bg7 37. Bxd6 Qxd6 38. Qe6 Qd8 39. Re1 h5 40. Qf7
Qd2 41. Re7 1-0

[Event "DEM U16 2011"]
[Site "Oberhof GER"]
[Date "2011.06.12"]
[Round "2"]
[White "Müller, Alexander"]
[Black "Müller, Nick"]
[Result "1-0"]
[Termination "normal"]
[Board "11"]
[WhiteElo "1908"]
[BlackElo "1958"]
[PlyCount "53"]
[WhiteFideId "4624696"]
[BlackFideId "24692093"]
[EventCountry "GER"]
[EventRounds "9"]
[EventType "swiss"]
[EventDate "2011.06.11"]

1. e4 c5 2. Nf3 d6 3. d4 cxd4 4. Nxd4 Nf6 5. Nc3 a6 6. Bg5 e6 7. Bc4 Be7 8. Bb3
b5 9. Qf3 Qc7 10. O-O-O O-O 11. a3 Nc6 12. Nxc6 Qxc6 13. Qg3 Rd8 14. Bxf6 Bxf6
15. Nd5 Kf8 16. Nxf6 gxf6 17. Qh4 Ke7 18. Rd3 Qc5 19. f4 Rg8 20. Rhd1 Rxg2 21.
e5 dxe5 22. fxe5 Rg5 23. exf6+ Kxf6 24. Rf1+ Kg7 25. Bd5 Rxd5 26. Qf6+ Kg8 27.
Rg3+ 1-0

[Event "DEM U16 2011"]
[Site "Oberhof GER"]
[Date "2011.06.12"]
[Round "2"]
[White "Titgemeyer, Sven"]
[Black "Muth, Matthias"]
[Result "1-0"]
[Termination "normal"]
[Board "12"]
[WhiteElo "2028"]
[BlackElo "1908"]
[PlyCount "91"]
[WhiteFideId "24676934"]
[BlackFideId "1271747"]
[EventCountry "GER"]
[EventRounds "9"]
[EventType "swiss"]
[EventDate "2011.06.11"]

1. e4 c5 2. Nf3 Nc6 3. d4 cxd4 4. Nxd4 Nf6 5. Nc3 e5 6. Ndb5 d6 7. Bg5 a6 8.
Na3 b5 9. Nd5 Be7 10. Bxf6 Bxf6 11. c3 Bg5 12. Nc2 O-O 13. a4 bxa4 14. Rxa4 a5
15. Bc4 Rb8 16. b3 Kh8 17. h4 Bh6 18. Nce3 g6 19. h5 Bg7 20. Qf3 Qg5 21. g4 Nd4
22. cxd4 exd4 23. h6 Be5 24. Nf5 gxf5 25. gxf5 Bb7 26. Ra1 Bxd5 27. Bxd5 Rfc8
28. Bc4 a4 29. Rxa4 Ra8 30. Be2 Rxa4 31. bxa4 Qc1+ 32. Bd1 Rc3 33. Qh5 Rd3 34.
O-O Qf4 35. Kg2 Qxe4+ 36. Bf3 Qf4 37. Rb1 d5 38. Re1 Rxf3 39. Qxf3 Qg5+ 40. Kf1
f6 41. Rxe5 fxe5 42. Qg3 Qc1+ 43. Kg2 Qxh6 44. Qxe5+ Kg8 45. Qe6+ Kf8 46. Qxh6+
1-0

[Event "DEM U16 2011"]
[Site "Oberhof GER"]
[Date "2011.06.12"]
[Round "2"]
[White "Kügel, Tobias"]
[Black "Klarner, Alexander"]
[Result "1-0"]
[Termination "normal"]
[Board "13"]
[WhiteElo "2024"]
[BlackElo "1889"]
[PlyCount "41"]
[WhiteFideId "4636295"]
[BlackFideId "1271721"]
[EventCountry "GER"]
[EventRounds "9"]
[EventType "swiss"]
[EventDate "2011.06.11"]

1. e4 c5 2. Nc3 a6 3. g3 b5 4. Bg2 Bb7 5. d3 e6 6. Qe2 Nc6 7. Be3 Nf6 8. e5 Ng8
9. f4 Nh6 10. Ne4 Qa5+ 11. Qd2 Qb6 12. b4 Nd4 13. bxc5 Bxc5 14. Nxc5 Bxg2 15.
Qxg2 Qxc5 16. Bxd4 Qxd4 17. Qxa8+ Ke7 18. Qxh8 Ng4 19. O-O-O Qc3 20. Ne2 Qa3+
21. Kb1 1-0

[Event "DEM U16 2011"]
[Site "Oberhof GER"]
[Date "2011.06.12"]
[Round "2"]
[White "Stövesand, Eric"]
[Black "Powierski, Emil"]
[Result "1-0"]
[Termination "normal"]
[Board "14"]
[WhiteElo "1864"]
[BlackElo "2000"]
[PlyCount "153"]
[WhiteFideId "24651117"]
[BlackFideId "4656199"]
[EventCountry "GER"]
[EventRounds "9"]
[EventType "swiss"]
[EventDate "2011.06.11"]

1. e4 c5 2. Nf3 d6 3. d4 cxd4 4. Nxd4 Nf6 5. Nc3 a6 6. Be3 e5 7. Nb3 Be6 8. f3
Be7 9. Qd2 O-O 10. O-O-O Nbd7 11. g4 b5 12. h4 Nb6 13. Qf2 Nfd7 14. Kb1 Qc7 15.
g5 b4 16. Nd5 Bxd5 17. exd5 a5 18. h5 a4 19. Nc1 a3 20. b3 Qc3 21. Nd3 Nxd5 22.
Bd2 Qc7 23. g6 Bf6 24. Qe1 Rac8 25. Rc1 e4 26. gxh7+ Kh8 27. fxe4 Nc3+ 28. Bxc3
Bxc3 29. Qf2 Bf6 30. Qd2 Nc5 31. Qxb4 Bg5 32. h6 Bxh6 33. Rxh6 gxh6 34. Qxa3
Nxe4 35. Qb2+ Kxh7 36. c4 f5 37. Nf4 Qe7 38. Nd5 Qe5 39. Qc2 Rg8 40. Bd3 Rcf8
41. Rf1 Rg4 42. Qb2 Qxb2+ 43. Kxb2 Rg2+ 44. Bc2 h5 45. Rf3 Kh6 46. Ne3 Rf2 47.
Rxf2 Nxf2 48. Nxf5+ Kg5 49. Nxd6 h4 50. Ne4+ Kg4 51. c5 h3 52. c6 h2 53. c7
Nd3+ 54. Bxd3 h1=Q 55. c8=Q+ Rxc8 56. Nf2+ Kf3 57. Nxh1 Rh8 58. Bc4 Rd8 59. Bb5
Rc8 60. Bc4 Rd8 61. a4 Kg2 62. a5 Kxh1 63. b4 Kg2 64. b5 Kf3 65. b6 Ke4 66. Kc3
Ke5 67. Kb4 Kd6 68. Bb5 Rb8 69. Ba4 Rh8 70. a6 Rb8 71. Ka5 Kc5 72. a7 Ra8 73.
Ka6 Rh8 74. b7 Rh4 75. Ka5 Rh5 76. b8=Q Kc4+ 77. Qb5+ 1-0

[Event "DEM U16 2011"]
[Site "Oberhof GER"]
[Date "2011.06.12"]
[Round "2"]
[White "Hocke, Sebastian"]
[Black "Perestjuk, Marko"]
[Result "1-0"]
[Termination "normal"]
[Board "15"]
[WhiteElo "1684"]
[BlackElo "1957"]
[PlyCount "139"]
[WhiteFideId "24678724"]
[BlackFideId "1270254"]
[EventCountry "GER"]
[EventRounds "9"]
[EventType "swiss"]
[EventDate "2011.06.11"]

1. e4 c5 2. Nf3 d6 3. d4 cxd4 4. Nxd4 Nf6 5. Nc3 g6 6. Be3 Bg7 7. f3 O-O 8. Qd2
Nc6 9. O-O-O d5 10. Kb1 Nxd4 11. e5 Nf5 12. exf6 Bxf6 13. Nxd5 Qxd5 14. Qxd5
Nxe3 15. Qd2 Nxd1 16. Qxd1 Be6 17. Bb5 a6 18. Ba4 b5 19. Bb3 Bc4 20. Bxc4 bxc4
21. c3 Rab8 22. Kc2 Rfd8 23. Qe2 Rd3 24. Qe4 Rbd8 25. Qxc4 Rd2+ 26. Kc1 Rxg2
27. Rd1 Rb8 28. b4 Rf2 29. Rf1 Rxf1+ 30. Qxf1 Bxc3 31. a3 Rb6 32. Qd3 Rc6 33.
Qd5 Rd6 34. Qb7 Bf6 35. a4 Rd4 36. b5 Rxa4 37. bxa6 Bd4 38. Qxe7 Kg7 39. Qb7 h5
40. Kc2 Ra2+ 41. Kd3 Bc5 42. Qb8 Bg1 43. Qb1 Rxa6 44. Qxg1 Ra3+ 45. Ke4 Ra4+
46. Kd3 Ra3+ 47. Ke2 Ra2+ 48. Ke3 Ra5 49. Qc1 Rf5 50. Qc3+ Kh7 51. h4 Kg8 52.
Ke4 Kh7 53. f4 Rb5 54. Qc4 Rb7 55. Qc5 f5+ 56. Ke5 Rd7 57. Kf6 Rb7 58. Qc6 Ra7
59. Kg5 Rg7 60. Qc8 Rg8 61. Qxg8+ Kxg8 62. Kxg6 Kf8 63. Kxf5 Kf7 64. Kg5 Kg7
65. Kxh5 Kh7 66. Kg5 Kg7 67. h5 Kf7 68. f5 Kg7 69. h6+ Kg8 70. f6 1-0

[Event "DEM U16 2011"]
[Site "Oberhof GER"]
[Date "2011.06.13"]
[Round "3"]
[White "Mons, Leon"]
[Black "Kaphle, Sebastian"]
[Result "1-0"]
[Termination "normal"]
[Board "1"]
[WhiteElo "2258"]
[BlackElo "2171"]
[PlyCount "69"]
[WhiteFideId "4614950"]
[BlackFideId "24626708"]
[EventCountry "GER"]
[EventRounds "9"]
[EventType "swiss"]
[EventDate "2011.06.11"]

1. d4 Nf6 2. Nf3 c5 3. d5 e6 4. c4 exd5 5. cxd5 d6 6. Nc3 g6 7. Bf4 Bg7 8. Qa4+
Bd7 9. Qb3 Qc7 10. e4 O-O 11. Nd2 Nh5 12. Be3 f5 13. exf5 Bxf5 14. Be2 Nf6 15.
h3 Na6 16. O-O Nb4 17. Nb5 Qd8 18. Rac1 Re8 19. Nc4 Ne4 20. a3 a6 21. Nbxd6
Nxd6 22. axb4 Nxc4 23. Rxc4 Qxd5 24. bxc5 Qf7 25. Rb4 Qxb3 26. Rxb3 Be4 27. Rb6
Rad8 28. Rd1 Rxd1+ 29. Bxd1 Rd8 30. Bg4 h5 31. Bf3 Be5 32. Kf1 Bd3+ 33. Be2
Bxe2+ 34. Kxe2 Bd4 35. Rxg6+ 1-0

[Event "DEM U16 2011"]
[Site "Oberhof GER"]
[Date "2011.06.13"]
[Round "3"]
[White "Kaulich, Philipp Theodor"]
[Black "Friedrich, Wiede"]
[Result "0-1"]
[Termination "normal"]
[Board "2"]
[WhiteElo "1999"]
[BlackElo "2193"]
[PlyCount "46"]
[WhiteFideId "4641582"]
[BlackFideId "24629537"]
[EventCountry "GER"]
[EventRounds "9"]
[EventType "swiss"]
[EventDate "2011.06.11"]

1. e4 e5 2. f4 exf4 3. Nf3 g5 4. Bc4 g4 5. O-O gxf3 6. Qxf3 Qf6 7. e5 Qxe5 8.
d3 Bh6 9. Nc3 Nc6 10. Bd2 Nd4 11. Qf2 Ne6 12. Rae1 Qg5 13. Nd5 Kd8 14. Rxe6
dxe6 15. Bxf4 Qg7 16. Qh4+ f6 17. Bxc7+ Ke8 18. Re1 Bd7 19. Bd6 Rc8 20. Qh3 Kd8
21. Rxe6 Bxe6 22. Qxe6 Qd7 23. Qe1 Qxd6 0-1

[Event "DEM U16 2011"]
[Site "Oberhof GER"]
[Date "2011.06.13"]
[Round "3"]
[White "Noe, Christopher"]
[Black "Göbel, Constantin"]
[Result "1-0"]
[Termination "normal"]
[Board "3"]
[WhiteElo "1998"]
[BlackElo "2148"]
[PlyCount "66"]
[WhiteFideId "24692018"]
[BlackFideId "24647071"]
[EventCountry "GER"]
[EventRounds "9"]
[EventType "swiss"]
[EventDate "2011.06.11"]

1. e4 c5 2. Nf3 Nc6 3. d3 g6 4. g3 Bg7 5. Bg2 d6 6. O-O Nf6 7. c3 O-O 8. Nbd2
e5 9. Nc4 Be6 10. Bg5 h6 11. Bxf6 Bxf6 12. Nfd2 Bg7 13. Ne3 f5 14. f4 Qd7 15.
exf5 gxf5 16. Qh5 Ne7 17. Rae1 Rae8 18. Kh1 b5 19. Nf3 Bxa2 20. c4 Bb3 21. Nh4
Ba4 22. fxe5 dxe5 23. Nexf5 Nxf5 24. Nxf5 bxc4 25. dxc4 Re6 26. Nxg7 Kxg7 27.
Rxf8 Kxf8 28. Rf1+ Kg7 29. Be4 Qe7 30. Qf5 Kh8 31. Qf3 Qg7 32. Ra1 Be8 33. Rxa7
Qxa7 1-0

[Event "DEM U16 2011"]
[Site "Oberhof GER"]
[Date "2011.06.13"]
[Round "3"]
[White "Miller, Eduard"]
[Black "Möhn, Hans"]
[Result "0-1"]
[Termination "normal"]
[Board "4"]
[WhiteElo "2118"]
[BlackElo "2033"]
[PlyCount "102"]
[WhiteFideId "24687022"]
[BlackFideId "24647837"]
[EventCountry "GER"]
[EventRounds "9"]
[EventType "swiss"]
[EventDate "2011.06.11"]

1. e4 c5 2. Nf3 e6 3. c3 d5 4. exd5 exd5 5. d4 Nc6 6. Bb5 Bd6 7. dxc5 Bxc5 8.
O-O Nge7 9. Nbd2 O-O 10. Nb3 Bd6 11. Nbd4 Bg4 12. Be2 a6 13. Bg5 Qc7 14. h3 Bd7
15. Bd3 h6 16. Bxe7 Bxe7 17. Qd2 Bd6 18. Rad1 Rad8 19. Bb1 Bf4 20. Qc2 g6 21.
Kh1 Kg7 22. g3 Bd6 23. Kg2 Qc8 24. Rh1 Ne7 25. Qb3 Bb8 26. Rd2 Ng8 27. Nc2 Nf6
28. Ne3 Ne4 29. Rxd5 Nf6 30. Rd2 Bc6 31. Rhd1 Rxd2 32. Rxd2 Re8 33. c4 Ne4 34.
Bxe4 Bxe4 35. Ng4 Qf5 36. Qe3 h5 37. Qd4+ Be5 38. Ngxe5 Rxe5 39. Qc3 g5 40. Rd5
f6 41. Rxe5 fxe5 42. g4 hxg4 43. hxg4 Qxg4+ 44. Kf1 Qxf3 45. Qxe5+ Kg6 46. Qe8+
Kf5 47. Qd7+ Kf4 48. Ke1 Bf5 49. Qd6+ Kg4 50. c5 Qe4+ 51. Kd2 Qf4+ 0-1

[Event "DEM U16 2011"]
[Site "Oberhof GER"]
[Date "2011.06.13"]
[Round "3"]
[White "Titgemeyer, Sven"]
[Black "Wagner, Dennis"]
[Result "0-1"]
[Termination "normal"]
[Board "6"]
[WhiteElo "2028"]
[BlackElo "2240"]
[PlyCount "60"]
[WhiteFideId "24676934"]
[BlackFideId "24650684"]
[EventCountry "GER"]
[EventRounds "9"]
[EventType "swiss"]
[EventDate "2011.06.11"]

1. e4 c5 2. Nf3 e6 3. d4 cxd4 4. Nxd4 a6 5. Bd3 Bc5 6. Nb3 Be7 7. Nc3 d6 8. Qe2
Nf6 9. Be3 Nc6 10. O-O-O O-O 11. f4 Qc7 12. g4 Nb4 13. Kb1 b5 14. g5 Nd7 15.
Qf2 Bb7 16. Rhg1 Rfc8 17. Bf1 Nxc2 18. Qxc2 b4 19. Bd2 a5 20. f5 a4 21. Nc1 a3
22. fxe6 fxe6 23. Qb3 axb2 24. Qxe6+ Kh8 25. N1e2 Nc5 26. Qh3 bxc3 27. Nxc3
Bxe4+ 28. Kxb2 Na4+ 29. Kb3 Rab8+ 30. Kxa4 Qa7+ 0-1

[Event "DEM U16 2011"]
[Site "Oberhof GER"]
[Date "2011.06.13"]
[Round "3"]
[White "Carow, Johannes"]
[Black "Kügel, Tobias"]
[Result "1-0"]
[Termination "normal"]
[Board "7"]
[WhiteElo "2171"]
[BlackElo "2024"]
[PlyCount "35"]
[WhiteFideId "24692050"]
[BlackFideId "4636295"]
[EventCountry "GER"]
[EventRounds "9"]
[EventType "swiss"]
[EventDate "2011.06.11"]

1. d4 d5 2. c4 c6 3. e3 Nf6 4. Nc3 a6 5. Qc2 b5 6. b3 Bg4 7. Nge2 Bh5 8. Nf4
Bg6 9. Nxg6 hxg6 10. Be2 e6 11. O-O Nbd7 12. f4 bxc4 13. bxc4 dxc4 14. e4 c5
15. d5 exd5 16. e5 d4 17. exf6 dxc3 18. Qe4+ 1-0

[Event "DEM U16 2011"]
[Site "Oberhof GER"]
[Date "2011.06.13"]
[Round "3"]
[White "Gibicar, Danijel"]
[Black "Neef, Maximilian"]
[Result "1/2-1/2"]
[Termination "normal"]
[Board "8"]
[WhiteElo "2037"]
[BlackElo "1999"]
[PlyCount "89"]
[WhiteFideId "24660256"]
[BlackFideId "24692085"]
[EventCountry "GER"]
[EventRounds "9"]
[EventType "swiss"]
[EventDate "2011.06.11"]

1. d4 d5 2. c4 c6 3. Nf3 Nf6 4. e3 a6 5. Bd3 b5 6. b3 g6 7. O-O Bg7 8. Bb2 O-O
9. Qc2 Nbd7 10. Nbd2 Bb7 11. Rad1 Qc8 12. Rfe1 Re8 13. e4 bxc4 14. bxc4 dxe4
15. Nxe4 Nxe4 16. Bxe4 Nf6 17. Bd3 c5 18. Ne5 Rb8 19. Bc3 Qc7 20. d5 Rbd8 21.
Qa4 Qc8 22. Bc2 Rd6 23. Rb1 Ba8 24. Nd3 Nd7 25. Qa3 Bxc3 26. Qxc3 Nb6 27. Ne5
Red8 28. Qa5 Nd7 29. Nd3 e6 30. dxe6 fxe6 31. Rbd1 Rf8 32. Ne5 Rxd1 33. Bxd1
Nxe5 34. Rxe5 Qc6 35. Bf3 Rxf3 36. gxf3 Qxf3 37. Qd8+ Kg7 38. Qd7+ Kh6 39. Qd2+
Kg7 40. Kf1 Qh1+ 41. Ke2 Qf3+ 42. Ke1 Qh1+ 43. Ke2 Qf3+ 44. Kf1 Qh1+ 45. Ke2
1/2-1/2

[Event "DEM U16 2011"]
[Site "Oberhof GER"]
[Date "2011.06.13"]
[Round "3"]
[White "Hacker, Jonas"]
[Black "Moritz, Aron"]
[Result "1-0"]
[Termination "normal"]
[Board "9"]
[WhiteElo "1765"]
[BlackElo "2094"]
[PlyCount "85"]
[WhiteFideId "1270968"]
[BlackFideId "24672319"]
[EventCountry "GER"]
[EventRounds "9"]
[EventType "swiss"]
[EventDate "2011.06.11"]

1. e4 g6 2. Nf3 Bg7 3. d4 d6 4. Nc3 a6 5. a4 Nd7 6. Bc4 c5 7. Ng5 Nh6 8. Bxf7+
Nxf7 9. Ne6 Qa5 10. Nxg7+ Kf8 11. Ne6+ Kg8 12. dxc5 Nf6 13. Ng5 Qxc5 14. Nxf7
Kxf7 15. Be3 Qa5 16. O-O Be6 17. Bd4 Bc4 18. Bxf6 exf6 19. Re1 Rad8 20. Qd4 Qc5
21. Rad1 Rhe8 22. f3 Be6 23. Qxc5 dxc5 24. Rxd8 Rxd8 25. Rd1 Rb8 26. Kf2 b6 27.
h4 Rb7 28. Ke3 Bd7 29. b3 Ke6 30. f4 Bc6 31. g4 Rb8 32. Nd5 f5 33. gxf5+ gxf5
34. Nc7+ Ke7 35. Nd5+ Ke6 36. exf5+ Kf7 37. c4 b5 38. axb5 axb5 39. Ra1 Rb7 40.
Ra6 Bd7 41. h5 bxc4 42. bxc4 Be8 43. Ke4 1-0

[Event "DEM U16 2011"]
[Site "Oberhof GER"]
[Date "2011.06.13"]
[Round "3"]
[White "Neumair, Jerome"]
[Black "Stövesand, Eric"]
[Result "1-0"]
[Termination "normal"]
[Board "10"]
[WhiteElo "2115"]
[BlackElo "1864"]
[PlyCount "57"]
[WhiteFideId "24672637"]
[BlackFideId "24651117"]
[EventCountry "GER"]
[EventRounds "9"]
[EventType "swiss"]
[EventDate "2011.06.11"]

1. d4 d5 2. c4 e6 3. Nc3 Nf6 4. cxd5 exd5 5. Bg5 Be7 6. e3 h6 7. Bh4 O-O 8. Bd3
b6 9. Nge2 Bb7 10. O-O Nbd7 11. f3 c5 12. Bf2 Ne8 13. Qc2 Nc7 14. Rad1 c4 15.
Bf5 b5 16. e4 Nb6 17. e5 Bc8 18. Ng3 Bxf5 19. Nxf5 b4 20. Ne2 Ne6 21. f4 Re8
22. Nxe7+ Qxe7 23. Be3 Qd7 24. f5 Nf8 25. f6 g5 26. Ng3 Ng6 27. Nf5 Kh7 28. Qe2
Nf4 29. Rxf4 1-0

[Event "DEM U16 2011"]
[Site "Oberhof GER"]
[Date "2011.06.13"]
[Round "3"]
[White "Hocke, Sebastian"]
[Black "Müller, Alexander"]
[Result "0-1"]
[Termination "normal"]
[Board "11"]
[WhiteElo "1684"]
[BlackElo "1908"]
[PlyCount "64"]
[WhiteFideId "24678724"]
[BlackFideId "4624696"]
[EventCountry "GER"]
[EventRounds "9"]
[EventType "swiss"]
[EventDate "2011.06.11"]

1. e4 c5 2. Nf3 e6 3. c4 a6 4. Nc3 Nc6 5. d4 cxd4 6. Nxd4 Qc7 7. Be3 Nf6 8. Be2
Bb4 9. f3 Bxc3+ 10. bxc3 Ne5 11. Qb3 d6 12. Rb1 O-O 13. O-O Nfd7 14. f4 Nc6 15.
Nxc6 Qxc6 16. Bf3 e5 17. Rbd1 Nc5 18. Qc2 Be6 19. Rd2 b5 20. f5 Bxc4 21. Rfd1
Rfd8 22. f6 gxf6 23. Bh6 Be6 24. Rd5 Bxd5 25. Qf2 Kh8 26. Qh4 Nd7 27. exd5 Qc5+
28. Kh1 Rg8 29. Be4 Rg6 30. Bf5 Rd8 31. Rd3 Qc4 32. Be4 Nc5 0-1